000 00368nam a2200145Ia 4500
008 230917s9999||||xx |||||||||||||| ||und||
040 _e49957
_aMAIN
041 _aEnglish
082 _a200 D26R
100 _aDasgupta, Surender Nath
245 0 _aReligion and the rational outlook
260 _aDelhi
_bMotilal Banarsidass
_c1974
300 _a371 p.
942 _cBK
999 _c184424
_d184424